00582nam a22001817a 450000500170000001000230001702000260004003500140006603700130008008200080009310000080010124501000010926000320020927001130024130000210035470000090037570000160038420241220163450.0 aDEC24UP ENG-143130 c350.00a9789363193956 aEN-126662 bDBAD/PUB a000 aLal aIndian Air Force Agniveer selection Test:bFor science subjects/cby Lal Jain [and] Ashok Yadav aAgrabUpkar Prakashanc2024 bAgraa1 State Bank Colony, Near Khandari, Agra-Mathura Bypass Road,e282005k2530966k2531101mcare@upkar.in a350p.c26cm(pbk) aJain aAshok Yadav